00309nam a2200121Ia 4500008004100000041000800041082001200049100001300061245004400074260003400118300002400152365001100176240624s9999 xx 000 0 und d aeng a823 PUF aS ANIL K aPUFFIN BOOK OF FUNNY STORIES FOR 7 YEAR c2012aNew DelhibPuffin Books a127 : p. : cm. ; 20 cRSb25